000 01581nam a22001457a 4500
999 _c517377
_d517377
008 210712b ||||| |||| 00| 0 eng d
100 _aTom, Ashmy and Sumalatha, B. S.
_926563
245 _aInfant mortality in India: An analysis on spatial and sex-wise differences and factors determining the infant mortality rate
260 _aIASSI Quarterly: Contributions to Indian Social Science
300 _a39(4), Oct-Dec, 2020: p.617-631
520 _aThis study tried to analyse the state wise Infant Mortality Rate (IMR) and examined the important factors that determine IMR in India. The study also presents sex-wise and spatial (Urban & Rural) differences in IMR across Indian states. State wise analysis reveals that Southern states have lower IMR compared to Northern states. On the other hand, spatial differences in IMR are higher than sex-wise differences across states. The regression analysis on cross-sectional data to understand the factors determining IMR shows that Female Literacy Rate and Total Fertility Rate have inverse and direct relationship with IMR respectively. Average out of pocket expenditure per delivery turns to be insignificant in determining IMR in India. Since there is a high difference in IMR across regions, the focus of the government policies should be more on the socioeconomic improvement of the northern and northeastern states to bridge the gap in the gender and spatial IMR across states. – Reproduced
773 _aIASSI Quarterly: Contributions to Indian Social Science
906 _aINFANT - MORTALITY - INDIA
942 _cAR